000 00396nam a2200157Ia 4500
008 220803s9999 xx 000 0 und d
020 _a9789535111672
041 _aeng
082 _a712 OZY
100 _aOzyavuz M Ed.
_926944
245 _aAdvances In Landscape Architecture.
260 _aCroatia
_bIntech.
_c2016
300 _a924p
500 _a35
650 _aLandscape Architecture
_926945
999 _c17156
_d17156